000 00547nam a22001577a 4500
003 NUST
082 _a670
100 _aRaza ,Kazim
_9122387
245 _aINTERMITTENT STEAM-POWERED ENERGY GENERATION USING DOMESTIC WATER GEYSERS /
_cKazim Raza
264 _aIslamabad:
_bSMME- NUST.
_c2021.
300 _a37p. ;
_bSoft Copy,
_c30cm.
650 _aMS Design and Manufacturing Engineering
_9119567
700 _aSupervisor : Dr. Najam Ul Qadir
_9120899
856 _uhttp://10.250.8.41:8080/xmlui/handle/123456789/25888
942 _2ddc
_cTHE
999 _c608881
_d608881